Distance to capital cities from Vienna #1 - Statistics

General Stats
  • This quiz has been taken 26 times
  • The average score is 4 of 10
Answer Stats
Distance Answer % Correct
55 km Bratislava
87%
215 km Budapest
48%
525 km Berlin
43%
765 km Rome
43%
555 km Warsaw
43%
1,670 km Moscow
39%
300 km Zagreb
39%
1,240 km London
30%
1,035 km Paris
30%
1,280 km Athens
26%
No matching quizzes found
Score Distribution
Percent of People with Each Score
Percentile by Number Answered
Your Score History
You have not taken this quiz